<Ľ> Intégration des immigrés sur le marché du travail: facteur de cohésion sociale

Ťažkosti imigrantov na trhu práce. Miera nezamestnanosti prisťahovalcov v Európe. Úroveň vzdelania prisťahovalcov. Integrácia prisťahovalcov na trhu práce. Súčasná situácia prisťahovalcov v Slovenskej republike.

Na minha lista:
Detalhes bibliográficos
Autor principal: Přívarová, Magdaléna, 1955-
Outros Autores: Přívara, Andrej, 1983-
Formato: Capítulo de Livro
Idioma:francês
Assuntos:
Tags: Adicionar Tag
Sem tags, seja o primeiro a adicionar uma tag!

MARC

LEADER 00000naa a2200000 4500
001 0196860
005 20240502083500.3
041 0 |a fre 
044 |a FR 
245 1 0 |a <Ľ> Intégration des immigrés sur le marché du travail: facteur de cohésion sociale  |c Magdaléna Přívarová, Andrej Přívara 
520 |a Ťažkosti imigrantov na trhu práce. Miera nezamestnanosti prisťahovalcov v Európe. Úroveň vzdelania prisťahovalcov. Integrácia prisťahovalcov na trhu práce. Súčasná situácia prisťahovalcov v Slovenskej republike. 
610 2 0 |a migrácia 
610 2 0 |a imigrácia 
610 2 0 |a trh práce 
610 2 0 |a nezamestnanosť 
610 2 0 |a miera nezamestnanosti 
610 2 0 |a Európa 
610 2 0 |a Slovensko 
100 1 |a Přívarová, Magdaléna, 1955- 
700 1 |a Přívara, Andrej, 1983-